| 000 | 01254nmm a2200325 a 4500 | ||
|---|---|---|---|
| 001 | ocm000964891 | ||
| 003 | TR-IsHL | ||
| 005 | 20201028150622.0 | ||
| 008 | 150110s2009 tu tur | ||
| 007 | cr cn | ||
| 020 | _a9789757837459 | ||
| 035 |
_a964891 _b(N$T) |
||
| 050 | 0 | 4 |
_aPG3476.S4346 _bP719 2009 |
| 090 | 0 | 4 |
_aPG3476.S4346 _bP719 2009 |
| 100 | 1 | _aSerebriakova, Galina | |
| 245 | 1 | 0 |
_aAteşi çalmak 4: yaşamın doruğu _h[electronic resource] / _cGalina Serebriakova ; çevirenler Ali Rıza Dırık |
| 250 | _a5. bs. | ||
| 260 |
_aİstanbul : _bEvrensel Basım Yayın, _c2009 |
||
| 300 | _a513 p. | ||
| 500 |
_ac. 1 Karl Marx'ın gençliği -- c. 2 Fırtınanın ortasında -- c. 3 Sınamalar -- c. 4 Yaşamın doruğu -- c.5 İkinci keman _x |
||
| 650 | 4 | _aDil ve Edebiyat | |
| 650 | 4 | _aLanguage and Literature | |
| 650 | 0 |
_aMarx, Karl, 1818-1883 _xRoman |
|
| 650 | 0 |
_aMarx, Karl, 1818-1883 _xFiction |
|
| 650 | 0 |
_aRus romanı _xTürkçeye çeviri |
|
| 650 | 0 |
_aRussian fiction _xTranslations into Turkish |
|
| 650 | 7 |
_aLITERARY COLLECTIONS / Russian & Former Soviet Union _2bisacsh |
|
| 700 | 1 | _aDırık, Ali Rıza | |
| 856 | 4 | 0 | _uhttp://search.ebscohost.com/login.aspx?direct=true&scope=site&db=e011xww&AN=964891 |
| 999 |
_c10572 _d10572 |
||